Palabras Catalanas Aleatorias - Estadísticas

Estadísticas generales
  • Esta prueba ha sido intentada 304 veces
  • La puntuación promedio es 20 de 22
Estadísticas de respuestas
Catalán Español % Correcto
Gràcies Gracias
99%
Bastant Bastante
98%
Gat Gato
98%
Pel·lícula Película
98%
Quatre Cuatro
97%
Trist Triste
97%
Sense Sin
96%
Dona Mujer
94%
Cavall Caballo
92%
Guant Guante
91%
Arbre Arbol
90%
Pare Padre
90%
Llibre Libro
89%
Com Como
86%
Voler Querer
86%
Trobar Encontrar
84%
Carrer Calle
83%
Això Esto/eso
83%
Matí Mañana
83%
Cel Cielo
79%
Avi Abuelo
78%
Groc Amarillo
76%
No se encontraron pruebas coincidentes
Distribución de puntuación
Porcentaje de gente con cada puntuación
Porcentaje por número respondido
Historial de tus puntuaciones
No has intentado esta prueba.